Prawda czy fałsz - nagła śmierć - Statystyki

Ogólne statystyki
  • Ten quiz został rozwiązany 11 832 razy
  • Średni wynik to 5 z 13
Answers on the Grid
Answers color-coded by a green-red scale on the quiz's grid according to % correct below.
Para kostek ma większe prawdopodobieństwo
wyrzucenia 7 niż inne liczby
Baseball jest najpopularniejszym sportem w Japonii
Brazylia leży całkowicie na południe od równika
Karmel jest wytwarzany przez podgrzewanie cukru
Chiny mają tylko jedną strefę czasową
Ludzie byli częściowo odpowiedzialni za
wyginięcie dinozaurów
Włochy nigdy nie wygrały Mistrzostw Świata FIFA
Jarmuż i brokuły należą do tego samego gatunku
W II wojnie światowej zginęło więcej ludzi
niż w I wojnie światowej
Mount Everest jest wulkanem
Papugi mogą żyć dłużej niż psy
Niedźwiedzie polarne żyją zarówno w Arktyce,
jak i na Antarktydzie
Merkury jest najgorętszą planetą
w naszym Układzie Słonecznym
Wyspa Sardynia jest częścią Włoch
Planeta Neptun ma pierścienie
Ta sama strona Księżyca jest
zawsze zwrócona w stronę Ziemi
Istnieją części autostrady, które nie mają określonego ograniczenia prędkości
Istnieją drzewa wyższe niż Empire State Building
Flaga Turcji jest czerwono-biała
Dwa jest liczbą pierwszą
 
Statystyki odpowiedzi
Odpowiedź % Poprawnych
Karmel jest wytwarzany przez podgrzewanie cukru
70%
Para kostek ma większe prawdopodobieństwo
wyrzucenia 7 niż inne liczby
56%
W II wojnie światowej zginęło więcej ludzi
niż w I wojnie światowej
53%
Papugi mogą żyć dłużej niż psy
42%
Wyspa Sardynia jest częścią Włoch
42%
Flaga Turcji jest czerwono-biała
39%
Chiny mają tylko jedną strefę czasową
37%
Baseball jest najpopularniejszym sportem w Japonii
36%
Dwa jest liczbą pierwszą
36%
Jarmuż i brokuły należą do tego samego gatunku
35%
Istnieją części autostrady, które nie mają określonego ograniczenia prędkości
30%
Ta sama strona Księżyca jest
zawsze zwrócona w stronę Ziemi
25%
Planeta Neptun ma pierścienie
21%
Nie znaleziono quizów pasujących do podanych kryteriów
Rozkład punktacji
Procent ludzi z każdym wynikiem
Percentyl według liczby udzielonych odpowiedzi
Twoja historia wyników
Nie rozwiązałeś tego quizu